All Song Titles from The Caretaker - Statistics

General Stats
  • This quiz has been taken 5 times
  • The average score is 102 of 242
Answer Stats
Hint Answer % Correct
Everywhere At The End of Time A1-It's just a burning memory
100%
Everywhere At The End of Time A5-Slightly bewildered
100%
Everywhere At The End of Time A6-Things that are beautiful and transient
100%
Everywhere At The End of Time F7-Libet delay
100%
An Empty Bliss Beyond This World Libet's delay
100%
Selected Memories From the Haunted Ballroom The revolving bandstand
100%
Everywhere At The End of Time A2-We don't have many days
67%
Everywhere At The End of Time A3-Late afternoon drifting
67%
Everywhere, an Empty Bliss All eyes bewildered
67%
Everywhere, an Empty Bliss And bliss everywhere bliss
67%
We'll all go riding on a rainbow And the bands played on
67%
An Empty Bliss Beyond This World An empty bliss beyond this world
67%
An Empty Bliss Beyond This World A relationship with the sublime
67%
A Stairway to the stars A stairway to the stars
67%
Everywhere At The End of Time B1-All that follows is true
67%
Everywhere At The End of Time B2-An autumnal equinox
67%
Everywhere At The End of Time B3-Quiet internal rebellions
67%
Everywhere At The End of Time B6-My heart will stop in joy
67%
Everywhere At The End of Time C1-A losing battle is raging
67%
Everywhere At The End of Time C2-Misplaced in time
67%
Everywhere At The End of Time C3-What does it matter how my heart breaks
67%
Everywhere At The End of Time C5-Surrendering to despair
67%
A Stairway to the stars Cloudy, since you went away
67%
Everywhere At The End of Time D1-I still feel as though I am me
67%
Everywhere At The End of Time D3-Last moments of pure recall
67%
Everywhere At The End of Time D4-Denial unraveling
67%
Everywhere At The End of Time D5-The way ahead feels lonely
67%
Deleted Scenes, Forgotten Dreams Deleted scenes, forgotten dreams(part four)
67%
Deleted Scenes, Forgotten Dreams Deleted scenes, forgotten dreams(part one)
67%
Deleted Scenes, Forgotten Dreams Deleted scenes, forgotten dreams(part three)
67%
Deleted Scenes, Forgotten Dreams Deleted scenes, forgotten dreams(part two)
67%
Everywhere, an Empty Bliss Dusk memory fraction
67%
Everywhere At The End of Time E1-Back there benjamin
67%
Everywhere At The End of Time E2-And heart breaks
67%
Everywhere At The End of Time E3-Hidden sea buried deep
67%
Everywhere At The End of Time E4-Libet's all joyful camaraderie
67%
Everywhere At The End of Time E7-Bewildered in other eyes
67%
Everywhere At The End of Time E8-Long term dusk glimpses
67%
Everywhere, an Empty Bliss Empty beyond beyond beyond
67%
Everywhere At The End of Time F1-Gradations of arms length
67%
Everywhere At The End of Time F2-Drifting time misplaced
67%
Everywhere At The End of Time F4-Burning despair does ache
67%
Everywhere At The End of Time F6-An empty bliss beyond this World
67%
Everywhere At The End of Time F8-Mournful camaraderie
67%
Persistent Repetition of phrases False memory syndrome
67%
Selected Memories From the Haunted Ballroom Friends past reunited
67%
A Stairway to the stars Friends past re-united
67%
Everywhere At The End of Time G1-Stage 4 Post Awareness Confusions
67%
Selected Memories From the Haunted Ballroom Garden of weeds
67%
Everywhere, an Empty Bliss Glimpses of life denial
67%
Everywhere At The End of Time H1-Stage 4 Post Awareness Confusions
67%
A Stairway to the stars Home
67%
Everywhere At The End of Time I1-Stage 4 Temporary Bliss State
67%
Everywhere, an Empty Bliss Internal unravel
67%
A Stairway to the stars It's all forgotten now
67%
Everywhere At The End of Time J1-Stage 4 Post Awareness Confusions
67%
Everywhere At The End of Time K1-Stage 5 Advanced plaque entanglements
67%
Everywhere At The End of Time L1-Stage 5 Advanced plaque entanglements
67%
Everywhere At The End of Time M1-Stage 5 Synapse retrogenesis
67%
Theoretically Pure Anterograde Amnesia Memory Eight
67%
Theoretically Pure Anterograde Amnesia Memory Eighteen
67%
Theoretically Pure Anterograde Amnesia Memory Eleven
67%
Theoretically Pure Anterograde Amnesia Memory Fifteen
67%
Theoretically Pure Anterograde Amnesia Memory Fifty
67%
Theoretically Pure Anterograde Amnesia Memory Fifty Eight
67%
Theoretically Pure Anterograde Amnesia Memory Fifty Five
67%
Theoretically Pure Anterograde Amnesia Memory Fifty Four
67%
Theoretically Pure Anterograde Amnesia Memory Fifty Nine
67%
Theoretically Pure Anterograde Amnesia Memory Fifty One
67%
Theoretically Pure Anterograde Amnesia Memory Fifty Seven
67%
Theoretically Pure Anterograde Amnesia Memory Fifty Six
67%
Theoretically Pure Anterograde Amnesia Memory Fifty Three
67%
Theoretically Pure Anterograde Amnesia Memory Fifty Two
67%
Theoretically Pure Anterograde Amnesia Memory Five
67%
Theoretically Pure Anterograde Amnesia Memory Forty
67%
Theoretically Pure Anterograde Amnesia Memory Forty Eight
67%
Theoretically Pure Anterograde Amnesia Memory Forty Five
67%
Theoretically Pure Anterograde Amnesia Memory Forty Four
67%
Theoretically Pure Anterograde Amnesia Memory Forty Nine
67%
Theoretically Pure Anterograde Amnesia Memory Forty One
67%
Theoretically Pure Anterograde Amnesia Memory Forty Seven
67%
Theoretically Pure Anterograde Amnesia Memory Forty Six
67%
Theoretically Pure Anterograde Amnesia Memory Forty Three
67%
Theoretically Pure Anterograde Amnesia Memory Forty Two
67%
Theoretically Pure Anterograde Amnesia Memory Four
67%
Theoretically Pure Anterograde Amnesia Memory Fourteen
67%
Theoretically Pure Anterograde Amnesia Memory Nine
67%
Theoretically Pure Anterograde Amnesia Memory Nineteen
67%
Theoretically Pure Anterograde Amnesia Memory One
67%
Theoretically Pure Anterograde Amnesia Memory Seven
67%
Theoretically Pure Anterograde Amnesia Memory Seventeen
67%
Theoretically Pure Anterograde Amnesia Memory Seventy
67%
Theoretically Pure Anterograde Amnesia Memory Seventy One
67%
Theoretically Pure Anterograde Amnesia Memory Seventy Two
67%
Theoretically Pure Anterograde Amnesia Memory Six
67%
Theoretically Pure Anterograde Amnesia Memory Sixteen
67%
Theoretically Pure Anterograde Amnesia Memory Sixty
67%
Theoretically Pure Anterograde Amnesia Memory Sixty Eight
67%
Theoretically Pure Anterograde Amnesia Memory Sixty Five
67%
Theoretically Pure Anterograde Amnesia Memory Sixty Four
67%
Theoretically Pure Anterograde Amnesia Memory Sixty Nine
67%
Theoretically Pure Anterograde Amnesia Memory Sixty One
67%
Theoretically Pure Anterograde Amnesia Memory Sixty Seven
67%
Theoretically Pure Anterograde Amnesia Memory Sixty Six
67%
Theoretically Pure Anterograde Amnesia Memory Sixty Three
67%
Theoretically Pure Anterograde Amnesia Memory Sixty Two
67%
Theoretically Pure Anterograde Amnesia Memory Ten
67%
Theoretically Pure Anterograde Amnesia Memory Thirteen
67%
Theoretically Pure Anterograde Amnesia Memory Thirty
67%
Theoretically Pure Anterograde Amnesia Memory Thirty Eight
67%
Theoretically Pure Anterograde Amnesia Memory Thirty Five
67%
Theoretically Pure Anterograde Amnesia Memory Thirty Four
67%
Theoretically Pure Anterograde Amnesia Memory Thirty Nine
67%
Theoretically Pure Anterograde Amnesia Memory Thirty One
67%
Theoretically Pure Anterograde Amnesia Memory Thirty Seven
67%
Theoretically Pure Anterograde Amnesia Memory Thirty Six
67%
Theoretically Pure Anterograde Amnesia Memory Thirty Three
67%
Theoretically Pure Anterograde Amnesia Memory Thirty Two
67%
Theoretically Pure Anterograde Amnesia Memory Three
67%
Theoretically Pure Anterograde Amnesia Memory Twelve
67%
Theoretically Pure Anterograde Amnesia Memory Twenty
67%
Theoretically Pure Anterograde Amnesia Memory Twenty Eight
67%
Theoretically Pure Anterograde Amnesia Memory Twenty Five
67%
Theoretically Pure Anterograde Amnesia Memory Twenty Four
67%
Theoretically Pure Anterograde Amnesia Memory Twenty Nine
67%
Theoretically Pure Anterograde Amnesia Memory Twenty One
67%
Theoretically Pure Anterograde Amnesia Memory Twenty Seven
67%
Theoretically Pure Anterograde Amnesia Memory Twenty Six
67%
Theoretically Pure Anterograde Amnesia Memory Twenty Three
67%
Theoretically Pure Anterograde Amnesia Memory Twenty Two
67%
Theoretically Pure Anterograde Amnesia Memory Two
67%
Selected Memories From the Haunted Ballroom Midnight, the stars and you
67%
Everywhere At The End of Time N1-Stage 5 Sudden time regression into isolation
67%
Everywhere At The End of Time O1-Stage 6 A confusion so thick you forget forgetting
67%
Everywhere At The End of Time P1-Stage 6 A brutal bliss beyond this empty defeat
67%
Persistent Repetition of phrases Persistent repetition of phrases
67%
Everywhere At The End of Time Q1-Stage 6 Long decline is over
67%
Everywhere At The End of Time R1-Stage 6 Place in the World fades away
67%
Selected Memories From the Haunted Ballroom Request dance
67%
Selected Memories From the Haunted Ballroom September 1939
67%
We'll all go riding on a rainbow Stardust
67%
Selected Memories From the Haunted Ballroom The haunted ballroom
67%
Selected Memories From the Haunted Ballroom Thronged with ghosts
67%
Persistent Repetition of phrases Unmasking alzheimer's
67%
We'll all go riding on a rainbow We'll all go riding on a rainbow
67%
Everywhere At The End of Time A4-Childishly fresh eyes
33%
Patience (After Sebald) Approaching the outer limits of our solar system
33%
An Empty Bliss Beyond This World Camaraderie at arms length
33%
Patience (After Sebald) Everything is on the point of decline
33%
Extra Patience (After Sebald) Everything is on the point of decline (again)
33%
Everywhere, an Empty Bliss I might be vanishing
33%
Everywhere, an Empty Bliss Plaque advanced despair
33%
Everywhere, an Empty Bliss Advanced plaque camaraderie
0%
Extra Patience (After Sebald) After the Earth has ground itself down
0%
Extra Patience (After Sebald) A golden pheasant on a black ground
0%
Selected Memories From the Haunted Ballroom A handful of stars
0%
Patience (After Sebald) A last glimpse of the land being lost forever
0%
An Empty Bliss Beyond This World All you are going to want to do is get back there
0%
Patience (After Sebald) As if one were sinking into sand
0%
Selected Memories From the Haunted Ballroom A summer romance
0%
Everywhere At The End of Time B4-The loves of my entire life
0%
Everywhere At The End of Time B5-Into each others eyes
0%
An Empty Bliss Beyond This World Bedded deep in longterm memory
0%
Everywhere, an Empty Bliss Benjamin beyond bliss
0%
Extra Patience (After Sebald) But the Stars had come out
0%
Selected Memories From the Haunted Ballroom By the seaside
0%
Everywhere At The End of Time C4-Glimpses of hope in trying times
0%
A Stairway to the stars Consigned to a yesterday
0%
We'll all go riding on a rainbow Contemplation
0%
Everywhere At The End of Time D2-Quiet dusk coming early
0%
A Stairway to the stars Date with an angel
0%
Selected Memories From the Haunted Ballroom Den of iniquity
0%
Selected Memories From the Haunted Ballroom Disillusioned
0%
Selected Memories From the Haunted Ballroom Dream waltz
0%
Everywhere, an Empty Bliss Drifting sublime hope
0%
We'll all go riding on a rainbow Driven beyond the limits
0%
Everywhere At The End of Time E5-To the minimal great hidden
0%
Everywhere At The End of Time E6-Sublime beyond loss
0%
A Stairway to the stars Each today doesn't lead to a tomorrow
0%
A Stairway to the stars Emptiness
0%
Everywhere, an Empty Bliss Entanglement synapse ache
0%
Everywhere, an Empty Bliss Equinox eyes will stop
0%
Selected Memories From the Haunted Ballroom "Excuse me" for ladies
0%
Everywhere At The End of Time F3-Internal bewildered world
0%
Everywhere At The End of Time F5-Aching cavern without lucidity
0%
We'll all go riding on a rainbow Faith in time
0%
Selected Memories From the Haunted Ballroom From out of nowhere
0%
Selected Memories From the Haunted Ballroom Haunting me
0%
We'll all go riding on a rainbow Here I am broken hearted
0%
We'll all go riding on a rainbow Hoping for some kind of recognition
0%
An Empty Bliss Beyond This World I feel as if I might be vanishing
0%
Patience (After Sebald) I have become almost invisible
0%
Patience (After Sebald) Increasingly absorbed in his own World
0%
Selected Memories From the Haunted Ballroom In days of old
0%
Patience (After Sebald) In the deep and dark hours of the night
0%
We'll all go riding on a rainbow I saw your face in a dream
0%
Extra Patience (After Sebald) Isolated lights (again)
0%
Patience (After Sebald) Isolated lights on the abyss of ignorance
0%
Persistent Repetition of phrases Lacunar Amnesia
0%
Persistent Repetition of phrases Long term (remote)
0%
Everywhere, an Empty Bliss Losing battle of loss
0%
Everywhere, an Empty Bliss Losing loss of battle
0%
Everywhere, an Empty Bliss Loss of want back there
0%
A Stairway to the stars Malign forces of the occult
0%
A Stairway to the stars Masquerade ball
0%
An Empty Bliss Beyond This World Mental caverns without sunshine
0%
Everywhere, an Empty Bliss Minimal all you are
0%
An Empty Bliss Beyond This World Moments of sufficient lucidity
0%
Selected Memories From the Haunted Ballroom Moonlight serenade
0%
Patience (After Sebald) No one knows what shadowy memories haunt them
0%
Patience (After Sebald) Now the night is over
0%
Extra Patience (After Sebald) Of grace and providence
0%
Selected Memories From the Haunted Ballroom One thousand memories
0%
A Stairway to the stars On the edge of breakdown
0%
An Empty Bliss Beyond This World Pared back to the minimal
0%
Persistent Repetition of phrases Past life regression
0%
Persistent Repetition of phrases Poor enunciation
0%
Selected Memories From the Haunted Ballroom Reckless night
0%
A Stairway to the stars Robins and roses
0%
We'll all go riding on a rainbow Roll up the carpet and dance
0%
Persistent Repetition of phrases Rosy retrospection
0%
Extra Patience (After Sebald) Sebald
0%
Extra Patience (After Sebald) So run down
0%
Selected Memories From the Haunted Ballroom Thanks
0%
We'll all go riding on a rainbow That old feeling
0%
An Empty Bliss Beyond This World The great hidden sea of the unconscious
0%
Patience (After Sebald) The homesickness that was corroding her soul
0%
We'll all go riding on a rainbow The memory of a song
0%
Extra Patience (After Sebald) The Quilter Standard
0%
An Empty Bliss Beyond This World The sublime is disappointingly elusive
0%
We'll all go riding on a rainbow The weeping dancefloor
0%
An Empty Bliss Beyond This World Tiny gradiations of loss
0%
We'll all go riding on a rainbow Under a warm golden light
0%
We'll all go riding on a rainbow Unmasking at midnight
0%
Persistent Repetition of phrases Von Restorff effect
0%
A Stairway to the stars We cannot escape the past
0%
We'll all go riding on a rainbow We have been here before
0%
Patience (After Sebald) When the dog days were drawing to an end
0%
Selected Memories From the Haunted Ballroom You and the night
0%
No matching quizzes found
Score Distribution
Percent of People with Each Score
Percentile by Number Answered
Your Score History
You have not taken this quiz